000 00349cam a2200145ua 4500
999 _c14837
_d14837
020 _a8180140442
082 _a630
_bSAH/EL
100 _aSahay, Jagdishwar.
_92017
245 _aElements of Agricultural engineering
250 _a5
260 _aNew Delhi
_bStandard Book House
_c2013
300 _a542p
650 _aAgriculture
_91099
942 _cBK